Państwa z największą stratą populacji do 2050 roku - Statystyki

Ogólne statystyki
  • Ten quiz został rozwiązany 35 razy
  • Średni wynik to 20 z 35
Statystyki odpowiedzi
Miejsce 2024 2050 Strata Państwo % Poprawnych
1. 1 425 178 782 1 312 636 325 -114,2M CHINY
96%
6. 40 221 726 34 932 339 - 5,2M POLSKA
96%
3. 143 957 079 133 133 035 -10,8M ROSJA
93%
10. 47 473 373 44 219 565 - 3,2M HISZPANIA
89%
8. 83 252 474 78 932 228 - 4,3M NIEMCY
89%
7. 37 937 821 32 867 719 - 5,0M UKRAINA
86%
4. 58 697 744 52 250 484 - 6,4M WŁOCHY
86%
2. 122 631 432 103 784 357 -18,8M JAPONIA
79%
21. 5 702 832 5 186 967 - 515TYŚ SŁOWACJA
75%
18. 9 455 037 8 409 632 - 1,0M BIAŁORUŚ
71%
16. 10 302 720 9 144 951 - 1,15M GRECJA
71%
11. 19 618 996 17 457 213 - 2,1M RUMUNIA
68%
14. 7 097 028 5 777 806 - 1,3M SERBIA
68%
35. 2 118 965 2 003 258 - 115TYŚ SŁOWENIA
68%
15. 9 994 993 8 817 396 - 1,17M WĘGRY
68%
33. 1 319 041 1 171 695 - 147TYŚ ESTONIA
64%
5. 51 741 963 45 770 784 - 5,9M KOREA POŁUDNIOWA
64%
22. 2 692 798 2 187 550 - 505TYŚ LITWA
64%
20. 3 986 627 3 333 425 - 653TYŚ CHORWACJA
61%
25. 1 810 240 1 433 728 - 376TYŚ ŁOTWA
61%
19. 10 223 349 9 261 305 - 962TYŚ PORTUGALIA
61%
26. 2 826 020 2 456 472 - 369TYŚ ALBANIA
57%
13. 6 618 615 5 187 932 - 1,4M BUŁGARIA
57%
32. 2 082 706 1 909 309 - 173TYŚ MACEDONIA PÓŁNOCNA
54%
27. 3 329 865 2 997 532 - 332TYŚ MOŁDAWIA
54%
23. 3 194 378 2 739 014 - 455TYŚ BOŚNIA I HERCEGOWINA
43%
24. 26 244 582 25 807 197 - 437TYŚ KOREA PÓŁNOCNA
36%
29. 3 717 425 3 384 660 - 329TYŚ GRUZJA
32%
9. 71 885 799 67 880 083 - 4,0M TAJLANDIA
32%
12. 23 950 214 22 445 526 - 1,5M TAJWAN
32%
31. 2 777 979 2 573 465 - 204TYŚ ARMENIA
25%
17. 11 174 587 10 028 085 - 1,14M KUBA
18%
30. 5 219 044 4 937 579 - 281TYŚ LIBAN
11%
28. 2 824 738 2 493 823 - 330TYŚ JAMAJKA
7%
34. 21 949 268 21 814 985 - 134TYŚ SRI LANKA
4%
Nie znaleziono quizów pasujących do podanych kryteriów
Rozkład punktacji
Procent ludzi z każdym wynikiem
Percentyl według liczby udzielonych odpowiedzi
Twoja historia wyników
Nie rozwiązałeś tego quizu